Countries with the most Shops - Statistics

General Stats
  • This quiz has been taken 37 times
  • The average score is 8 of 10
Answer Stats
Shops Country % Correct
19,306,800 China
100%
685,367 United States
100%
10,537,080 India
97%
1,240,237 Japan
88%
1,595,062 Brazil
81%
1,087,995 Mexico
81%
697,853 Italy
66%
780,247 Spain
66%
727,268 Vietnam
59%
704,032 South Korea
50%
No matching quizzes found
Score Distribution
Percent of People with Each Score
Percentile by Number Answered
Your Score History
You have not taken this quiz